A Short Introduction to Biomedical Engineering (Record no. 594674)

000 -LEADER
fixed length control field 00359nam a22001337a 4500
020 ## - INTERNATIONAL STANDARD BOOK NUMBER
International Standard Book Number 9781420060119
040 ## - CATALOGING SOURCE
Transcribing agency NUST
082 ## - DEWEY DECIMAL CLASSIFICATION NUMBER
Classification number 610.28 SAR
100 ## - MAIN ENTRY--PERSONAL NAME
Personal name Sarbadhikari, S. N.
9 (RLIN) 63240
245 ## - TITLE STATEMENT
Title A Short Introduction to Biomedical Engineering
260 ## - PUBLICATION, DISTRIBUTION, ETC.
Place of publication, distribution, etc. Hyderabad;
Name of publisher, distributor, etc. CRC Press,
Date of publication, distribution, etc. 2007.
650 ## - SUBJECT ADDED ENTRY--TOPICAL TERM
Topical term or geographic name entry element Biomedical Engineering
9 (RLIN) 112151
942 ## - ADDED ENTRY ELEMENTS (KOHA)
Source of classification or shelving scheme
Koha item type Book
Holdings
Withdrawn status Lost status Source of classification or shelving scheme Damaged status Not for loan Permanent Location Current Location Shelving location Date acquired Full call number Barcode Date last seen Price effective from Koha item type Public note
          College of Electrical & Mechanical Engineering (CEME) College of Electrical & Mechanical Engineering (CEME) General Stacks 05/05/2023 610.28 SAR CEME-45345 05/05/2023 05/05/2023 Book 4.0
© 2023 Central Library, National University of Sciences and Technology. All Rights Reserved.